000 00844cam a2200217 4500
001 ABS61389
008 000000n1999 000 0 eng u
035 _a(Sirsi) u100566
100 _aSmith, K.
245 _aWhy industry must adopt e-commerce
260 _c1999
490 _aConstruction News
_v(6634) 23 September 1999, 14-15(2)
520 _aGovernment is keen to encourage British businesses to embrace new technology. Article supports this view and argues that companies that change with the times will be the most successful. Lists some companies that have converted to electronic trade.
590 _aABS
650 _aE-COMMERCE
650 _aELECTRONIC TRADE
650 _aCONSTRUCTION INDUSTRY TRADING ELECTRONICALLY
650 _aCITE
690 _aMANAGEMENT-BUSINESS MANAGEMENT-INFORMATION MANAGEMENT
942 _n0
999 _c60160
_d60160